Estado de flujo de caja
Wedi'i Gadw mewn:
| Prif Awdur: | |
|---|---|
| Fformat: | Llyfr |
| Iaith: | Sbaeneg |
| Cyhoeddwyd: |
Santiago
SOELCO
1991
|
| Pynciau: | |
| Tagiau: |
Ychwanegu Tag
Dim Tagiau, Byddwch y cyntaf i dagio'r cofnod hwn!
|
MARC
| LEADER | 00000nam a2200000 a 4500 | ||
|---|---|---|---|
| 001 | UCW2895 | ||
| 003 | CL-VaPUC | ||
| 008 | 930601e19910000CL |||||||||||||||||spa|d | ||
| 082 | 0 | 4 | |a 657.3 |b VAR |2 21 |
| 100 | 0 | |a Vargas Valdivia, Luis |e author |9 307224 | |
| 245 | 1 | 0 | |a Estado de flujo de caja |
| 300 | |a 111 p | ||
| 942 | |c BK | ||
| 945 | |d 19930601 00:00:00 | ||
| 260 | |a Santiago |b SOELCO |c 1991 | ||
| 650 | 7 | |a ESTADOS FINANCIEROS |2 CL-VaPUC |9 307225 | |
| 650 | 7 | |a DISPONIBILIDADES MONETARIAS |2 CL-VaPUC |9 307226 | |
| 650 | 0 | |a Empresas |9 255569 | |
| 650 | 0 | |a Contabilidad |9 261430 | |
| 583 | |a last modification |c 19930601 00:00:00 |k Rodrigo Vera | ||
| 999 | |c 217294 |d 217292 | ||
| 952 | |0 0 |1 0 |4 0 |6 657_300000000000000_VAR_1991 |7 0 |8 A |9 204513 |a BIBGIM |b BIBGIM |d 2019-11-15 |i 2717379 |o 657.3 VAR 1991 |p 2717379 |r 2025-01-15 |w 2019-11-15 |y BK |k COM | ||